A pak zemřeš- /

Hlavní autor: Johansen, Iris, 1938-
Další autoři: Kotábová, Věra, 1957-
Jazyk: Čeština
Vydáno: Praha : Columbus, 2000
Témata:
Externí odkaz: Digitalizovaný dokument
Fyzický popis: 303 s. ; 21 cm
Knihy
Uloženo v:
LEADER 01093nam a2200301 a 4500
001 000532914
003 CZ BrMZK
005 20081211102604.0
007 ta
008 000115s2000 xr g f cze d
015 |a cnb000884280 
020 |a 80-7249-024-9 
035 |a (OCoLC)45491556 
040 |a BOA001  |b cze 
072 7 |a 821.111(73)-3  |x Americká próza  |2 Konspekt  |9 25 
080 |a 821.111(73)-31  |2 MRF 
080 |a (0:82-31)  |2 MRF 
100 1 |a Johansen, Iris,  |d 1938-  |7 xx0000125  |4 aut 
245 1 0 |a A pak zemřeš- /  |c Iris Johansenová ; [z angličtiny] přeložila Věra Kotábová. 
260 |a Praha :  |b Columbus,  |c 2000 
300 |a 303 s. ;  |c 21 cm 
655 7 |a americké romány  |7 fd131796  |2 czenas 
700 1 |a Kotábová, Věra,  |d 1957-  |7 jx20050808027  |4 trl 
765 0 |t And then you die ..., 
856 4 1 |u http://www.digitalniknihovna.cz/mzk/uuid/uuid:038a4380-e7a1-11e2-9923-005056827e52  |y Digitalizovaný dokument  |x NDK 
910 |a BOA001  |b 2-1077.315 
990 |a BK 
996 6 |b 2610121622  |c 2-1077.315  |l MZK  |r Sklad / do 1 hodiny  |n 7  |p p.v.  |w 000532914  |u 000010  |a 1  |e BOA001  |j MZK50  |s P